000 01052nam a2200289Ia 4500
003 OSt
005 20210430160854.0
008 210310s1980 fr fr 000 0 fre d
020 _a2130366015
040 _aCO-JMCR
_cCO-JMCR
041 0 _afre
082 0 4 _a335 /
_bC315e
_223
100 1 _aChambre, Henri,
_915540
_eautor
245 1 0 _aL'économie planifiée /
_cHenri Chambre
250 _aQuinta edición
260 _aParis :
_bPresses Universitaires de France,
_c1980
300 _a127 páginas ;
_c18 cm.
490 0 _aQue sais-je? ;
_v329
500 _aIncluye notas a pie de página.
504 _aBibliografía: página 125
505 0 _aPlans économiques et institutions -- Le contenu des plans -- Méthodes et techniques de la planification -- Les économies d´Europe prientale -- Yougoslavie et Chine -- La nouvelle réforme soviétique
650 1 4 _aPolítica económica
_915542
650 2 4 _aEconomía planificada
_96260
650 2 4 _aEconomía controlada
_937309
650 2 4 _aPlanes económicos
_937310
942 _2ddc
_cBK
999 _c7818
_d7818